02353nam a2200301 a 4500003000500000005001700005007001500022008004100037035001100078040000900089100003500098245030400133264004100437300006100478336002700539337002900566338003900595502002700634520111200661650002301773650003001796650002501826650003801851650002901889700003301918700004701951856005301998CHAP20250214091813.0cr ||||||a|c|a101103s2010 mx r 00010 spa d a111311 cCHAP1 aHernández Pérez, Jonathan.10aEstudio de factibilidad técnica y económica de una agroindustria extractora de aceite esencial de limón persa (Citrus latifolia Tonaka) en el Municipio de Martínez de la Torre, Veracruzc/por Jonathan Hernández Pérez y Oscar Vidal López Porras; director de tesis Ignacio Caamal Cauich. 1aChapingo, Méx. :bEl autor,c2010. a1 recurso en línea (129 páginas):bcuadros, figuras. 2rdacontentatextobtxt 2rdamediaacomputadorabc 2rdacarrierarecurso en líneabcr bLEAcDICEAd2010.gLIC aEl grado de globalización que han alcanzado los procesos productivos, los mercados y la sociedad misma, han permitido que el limón y sus derivados, hoy sean de uso y consumo generalizado; tal es el caso de los aceites esenciales obtenidos del limón, que tradicionalmente se han utilizado en la industria refresquera y en años recientes también sirven como base para otros derivados que se emplean en la industria de cosméticos, alimentaria, farmacéutica y de limpieza; por lo que las perspectivas de diversificación se siguen ampliando. El presente trabajo se integró con un conjunto de antecedentes técnicos y económicos para determinar la factibilidad, rentabilidad y nivel de riesgo sobre el establecimiento de una agroindustria extractora de aceite esencial de limón persa en Martínez de la Torre, Veracruz. La inversión total necesaria para este proyecto es de $4, 064, 300.00, los indicadores obtenidos TIR= 46.61%, VAN= $ 14, 065, 068.88, y una relación B/C = 1.20 con base a estos resultados se puede dictaminar que el proyecto es técnica y económicamente factible.14aAceite de limón.14aEstudios de factibilidad.14aExtractos vegetales.14aIndustrias agrícolasxVeracruz.14aLimón persazVeracruz.1 aLópez Porras, Oscar Vidal.1 aCaamal Cauich, IgnacioeDirector de tesis. uhttp://10.13.5.2/tesis/111311.pdfzDESCARGAR PDF